Most Popular Cities For Filming Movies - Statistics

General Stats
  • This quiz has been taken 147 times
  • The average score is 11 of 17
Answer Stats
Films City % Correct
La La Land/Mulholland Drive/Sunset Boulevard LOS ANGELES
97%
Taxi Driver/Annie Hall/Do The Right Thing/Goodfellas NEW YORK CITY
97%
A Clockwork Orange/The Shining/28 Days Later/V for Vendetta/Love Actually/Harry Potter LONDON
95%
Sixteen Candles/The Untouchables/Ferris Bueller’s Day Off/The Dark Knight CHICAGO
90%
Les Miserables/Amelie/Leon The Professional. PARIS
89%
Mrs. Doubtfire/Blue Jasmine/American Graffiti SAN FRANCISCO
83%
The Departed/The Social Network/Good Will Hunting, BOSTON
81%
Gladiator/ Angels and Demons/The Passion of the Christ ROME
77%
The Hangover/Iron Man/No Country for Old Men/Casino LAS VEGAS
76%
Kill Bill/James Bond’s Skyfall/Last Samurai/Lost in Translation/Memoirs of a Geisha TOKYO
76%
National Treasure/Rocky PHILADELPHIA
68%
Baby Driver/Black Panther/The Hunger Games ATLANTA
46%
American Psycho/Cruel Intentions/My Big Fat Greek Wedding/Mean Girls/Chicago. TORONTO
46%
Jurassic World/Django Unchained/The Curious Case of Benjamin Button/American Horror Story NEW ORLEANS
38%
Percy Jackson series/Juno/Fifty Shades of Grey VANCOUVER
38%
Rush Hour series/The Departed/Blade Runner. HONG KONG
37%
Fast & Furious 6/Captain America: The First Avenger/Harry Potter and the Deathly Hollows LIVERPOOL
10%
No matching quizzes found
Score Distribution
Percent of People with Each Score
Percentile by Number Answered
Your Score History
You have not taken this quiz